| 000 | 00810nam a2200229 a 4500 | ||
|---|---|---|---|
| 999 |
_c11038 _d11038 |
||
| 001 | 11038 | ||
| 003 | BD-JhCC | ||
| 005 | 20190727143221.0 | ||
| 008 | 190627s2009 bg |||| |||| 000 0 ben d | ||
| 020 | _a9841106295 | ||
| 035 | _a(BD-JhCC)11038 | ||
| 040 |
_aBD-JhCC _dBD-JhCC |
||
| 041 | _aben | ||
| 082 |
_a020 _bSOM 2009 |
||
| 245 |
_aসমাজ উন্নয়নে গ্রন্থাগার / _cসম্পাদনায় মোহাম্মদ সা’দাত আলী |
||
| 260 |
_aঢাকা : _bআহমদ পাবলিশিং হাউস, _c২০০৯. |
||
| 300 |
_a১৯২ পৃ. : _c২২ সেমি. |
||
| 650 | _aLibrary Science | ||
| 650 | _aLibrary in society | ||
| 700 | _aআলী, মোহাম্মদ সা’দাত | ||
| 942 |
_2ddc _cBK |
||